Illit Songs - Statistics

General Stats
  • This quiz has been taken 101 times
  • The average score is 16 of 23
Answer Stats
Answer % Correct
Magnetic
97%
Jellyous
86%
Not Cute Anymore
86%
Do the Dance
83%
Cherish
82%
Tick-Tack
80%
Lucky Girl Syndrome
79%
Sunday Morning
79%
Midnight Fiction
75%
Not Me
73%
Almond Chocolate
70%
Oops
70%
I'll Like You
68%
Little Monster
68%
My World
68%
IYKYK
66%
Pimple
66%
Topping
66%
Toki Yo Tomare
65%
Bamsopoong
59%
All For You
46%
Secret Quest
41%
Baby It’s Both
25%
No matching quizzes found
Score Distribution
Percent of People with Each Score
Percentile by Number Answered
Your Score History
You have not taken this quiz